Lente in Vlaanderen. (Record no. 4191)

MARC details
000 -LEADER
fixed length control field 00566cam a22002051 4500
001 - CONTROL NUMBER
control field af 48000737
003 - CONTROL NUMBER IDENTIFIER
control field DLC
005 - DATE AND TIME OF LATEST TRANSACTION
control field 20260227110845.0
008 - FIXED-LENGTH DATA ELEMENTS--GENERAL INFORMATION
fixed length control field 900711s1944 be 000 0 dut c
010 ## - LIBRARY OF CONGRESS CONTROL NUMBER
LC control number af 48000737
035 ## - SYSTEM CONTROL NUMBER
System control number (OCoLC)21991976
040 ## - CATALOGING SOURCE
Original cataloging agency Chicago. Univ. Libr.
Transcribing agency CU
Modifying agency DLC
042 ## - AUTHENTICATION CODE
Authentication code premarc
050 00 - LIBRARY OF CONGRESS CALL NUMBER
Classification number PT6408.5.C27
Item number L38
100 1# - MAIN ENTRY--PERSONAL NAME
Personal name Cantens, Lode,
Dates associated with a name 1911-
245 10 - TITLE STATEMENT
Title Lente in Vlaanderen.
260 ## - PUBLICATION, DISTRIBUTION, ETC.
Place of publication, distribution, etc. Antwerpen,
Name of publisher, distributor, etc. Janssens' Tooneelbibliotheek
Date of publication, distribution, etc. [1944]
300 ## - PHYSICAL DESCRIPTION
Extent 87 p.
Dimensions 20 cm.
490 0# - SERIES STATEMENT
Series statement Janssens' Tooneelbibliotheek,
Volume/sequential designation nr. 745

No items available.

Powered by Koha